[Event "Klubturnier Schachclub Chur 2016"]
[Site "HTW Chur"]
[Date "2016.09.08"]
[Round "1.1"]
[White "Adzic, Slobodan"]
[Black "Schaad, Pierluigi"]
[Result "1-0"]
[WhiteElo "2165"]
[BlackElo "1804"]

1.e4 d6 2.d4 Nf6 3.Nc3 g6 4.Bc4 Bg7 5.Qe2 c6 6.Bb3 O-O 7.h3 e5 8.dxe5 dxe5
9.Nf3 Qe7 10.Bg5 Nbd7 11.Qc4 Nb6 12.Qe2 Nbd7 13.Be3 b6 14.O-O Nc5 15.Qc4 Nxb3
16.axb3 Bb7 17.Rfd1 Rfe8 18.Rd2 b5 19.Qd3 Rad8 20.Qe2 Rxd2 21.Nxd2 a6 22.f3
Nh5 23.Qf2 Nf4 24.Na2 Bf8 25.Kh2 Bc8 26.b4 Qe6 27.Qf1 Rd8 28.Nb3 Qf6 29.Nc5
Ne6 30.Nc3 Nd4 31.Qf2 Bxc5 32.bxc5 Qe7 33.b4 Qe6 34.Bh6 f6 35.Nd1 Qc4 36.Ne3
Qxb4 37.f4 Qxc5 38.Rd1 Qe7 39.f5 Re8 40.c3 Nb3 41.Qa2 Qf7 42.Rd6 gxf5 43.exf5
a5 44.Ng4 Bxf5 45.Nxf6+ Qxf6 46.Rxf6 {#r} 1-0

[Event "Klubturnier Schachclub Chur 2016"]
[Site "HTW Chur"]
[Date "2016.09.08"]
[Round "1.2"]
[White "Bischofberger, Dario"]
[Black "Schmid, Jakob"]
[Result "1-0"]
[WhiteElo "2115"]
[BlackElo "1807"]

1.d4 Nf6 2.c4 e6 3.g3 Bb4+ 4.Bd2 Qe7 5.Bg2 O-O 6.e4 e5 7.d5 Bxd2+ 8.Qxd2 d6
9.Ne2 Nbd7 10.Nbc3 h6 11.Nc1 Re8 12.Nd3 Nf8 13.h4 N6h7 14.O-O-O f5 15.f3 fxe4
16.fxe4 Bg4 17.Rdf1 Nf6 18.Nf2 N8h7 19.Bh3 Bxh3 20.Rxh3 Qd7 21.g4 Nxg4 22.Rg3
h5 23.Rfg1 Nhf6 24.Nh3 Kh8 25.Qg5 Qf7 26.Rf1 Rg8 27.Qf5 g6 28.Qg5 Qg7 29.Qd2
a6 30.Ng5 b5 31.Rgf3 Qe7 32.a3 bxc4 33.Ne6 Nh7 34.Qe1 Nhf6 35.Qd2 Nh7 36.Qe1
Nhf6 37.Qg3 c6 38.Rxf6 Nxf6 39.Qg5 Nxd5 40.Qh6+ Qh7 41.Qxh7+ Kxh7 42.exd5 cxd5
43.Nxd5 Kh6 44.Rf7 Rh8 45.Ng5 Raf8 46.Rd7 Rf1+ 47.Kc2 Rh1 48.Nf7+ Kg7 49.Nxh8+
Kxh8 50.Nf6 { #r } 1-0

[Event "Klubturnier Schachclub Chur 2016"]
[Site "HTW Chur"]
[Date "2016.09.15"]
[Round "2.1"]
[White "Schaad, Pierluigi"]
[Black "Adzic, Anna"]
[Result "1-0"]
[WhiteElo "1804"]
[BlackElo "1875"]

1.f4 d5 2.g3 Nf6 3.Bg2 e6 4.Nf3 c5 5.O-O Nc6 6.e3 Be7 7.d3 O-O 8.Qe2 b6 9.Rd1
Bb7 10.Nbd2 Qc7 11.Nf1 e5 12.b3 e4 13.Ne1 Rad8 14.Bb2 Rfe8 15.h3 Nb8 16.g4
Nfd7 17.g5 f5 18.h4 Bf8 19.h5 exd3 20.Qxd3 g6 21.Bxd5+ {#r} 1-0

[Event "Klubturnier Schachclub Chur 2016"]
[Site "HTW Chur"]
[Date "2016.09.15"]
[Round "2.2"]
[White "Roth, Daniel"]
[Black "Michel, Andreas"]
[Result "0-1"]
[WhiteElo "1872"]
[BlackElo "1888"]

1.e4 c5 2.Nf3 d6 3.d4 cxd4 4.Nxd4 Nf6 5.Nc3 e5 6.Nb3 Be7 7.Be2 Nc6 8.Be3 O-O
9.g4 Be6 10.g5 Ne8 11.Qd2 f5 12.exf5 Bxf5 13.Bc4+ Kh8 14.Ne2 a5 15.Ng3 Bg6
16.c3 a4 17.Nc1 Na5 18.Bd5 Nc7 19.c4 Nxd5 20.cxd5 Nc4 21.Qe2 Nxe3 22.fxe3 Qa5+
{#R} 0-1

[Event "Klubturnier Schachclub Chur 2016"]
[Site "HTW Chur"]
[Date "2016.09.08"]
[Round "1.1"]
[White "Grazioli, Urs"]
[Black "Schmid, Fortunat"]
[Result "1-0"]
[WhiteElo "1761"]
[BlackElo "1384"]

1.d4 d5 2.c4 c6 3.Nf3 Nf6 4.Nc3 Bg4 5.h3 Bxf3 6.exf3 e6 7.a3 Be7 8.c5 O-O
9.Bd3 b6 10.b4 a5 11.Bf4 b5 12.O-O a4 13.Qc2 Nbd7 14.Bh2 Re8 15.f4 g6 16.g4
Kh8 17.f5 exf5 18.gxf5 g5 19.f3 Rg8 20.Rae1 h5 21.Kh1 Rg7 22.Qe2 Ng8 23.Rg1 f6
24.f4 Qf8 25.Qxh5+ Rh7 26.Qf3 Rg7 27.fxg5 fxg5 28.Be5 Bf6 29.Qh5+ Rh7 30.Qg4
Qh6 31.Rg3 Rg7 32.Kg2 Re8 33.Rge3 Rge7 34.Qg3 Qg7 35.Bxf6 Ndxf6 36.Rxe7 Nxe7
37.Re6 Nh5 38.Qg4 Nf4+ 39.Kf3 Nxd3 40.Qh5+ Kg8 41.Qxe8+ {#r} 1-0

[Event "Klubturnier Schachclub Chur 2016"]
[Site "HTW Chur"]
[Date "2016.09.08"]
[Round "1.2"]
[White "Schmid, Luzius"]
[Black "Steidle, Sandro"]
[Result "0-1"]
[WhiteElo "1296"]
[BlackElo "1707"]

1.e4 c5 2.Bc4 Nc6 3.d3 e6 4.Nc3 Be7 5.Nf3 Nf6 6.O-O O-O 7.Qe2 a6 8.h3 d5 9.Bb3
d4 10.e5 dxc3 11.exf6 Bxf6 12.bxc3 Bxc3 13.Rb1 Nd4 14.Nxd4 cxd4 15.Ba3 Re8
16.Bc4 b5 17.Bb3 a5 18.Bc5 a4 19.Qe4 Ra6 20.Qe5 axb3 21.axb3 b4 22.Qb8 Qa5
23.Ra1 Bxa1 24.Bxb4 Bb7 25.Bxa5 {#R} 0-1

[Event "Klubturnier Schachclub Chur 2016"]
[Site "HTW Chur"]
[Date "2016.09.15"]
[Round "2.2"]
[White "Steidle, Sandro"]
[Black "Osmaev, Hamzat"]
[Result "1-0"]
[WhiteElo "1707"]
[BlackElo "1510"]

1.c4 e5 2.Nc3 Nc6 3.g3 Nf6 4.Bg2 Bc5 5.Nf3 d6 6.O-O O-O 7.e3 Be6 8.b3 h6 9.d4
exd4 10.exd4 Bb4 11.Bb2 Bg4 12.Qd3 Ne7 13.Nh4 c5 14.Bxb7 Rb8 15.Bg2 cxd4
16.Qxd4 Bd7 17.Ne4 Nxe4 18.Qxg7# 1-0

[Event "Klubturnier Schachclub Chur 2016"]
[Site "HTW Chur"]
[Date "2016.09.15"]
[Round "2.4"]
[White "Tschaler, Nino"]
[Black "Schmid, Luzius"]
[Result "1-0"]
[WhiteElo "1228"]
[BlackElo "1296"]

1.d4 d5 2.Nf3 e6 3.Bf4 Bd6 4.e3 Ne7 5.Qd2 O-O 6.c3 Ng6 7.Bxd6 cxd6 8.Be2 Nc6
9.O-O e5 10.Bb5 e4 11.Ne1 Nce7 12.f3 Nf5 13.c4 Qb6 14.Nc3 a6 15.Nxd5 Qd8
16.Ba4 Qe7 17.Nxe7+ {#r} 1-0

[Event "Klubturnier Schachclub Chur 2016"]
[Site "HTW Chur"]
[Date "2016.09.22"]
[Round "3.5"]
[White "Adzic, Anna"]
[Black "Roth, Daniel"]
[Result "1/2-1/2"]
[WhiteElo "1875"]
[BlackElo "1872"]

1.e4 d5 2.exd5 Nf6 3.c4 c6 4.dxc6 Nxc6 5.Nf3 e5 6.d3 e4 7.dxe4 Qxd1+ 8.Kxd1
Nxe4 9.Be3 Be6 10.Nbd2 Rd8 11.Kc1 Nxd2 12.Nxd2 Be7 13.Be2 O-O 14.Ne4 Bf5
15.Ng3 Bg6 16.f4 Bd3 17.Rd1 Bxe2 18.Nxe2 Bf6 19.Bc5 Rxd1+ 20.Kxd1 Rd8+ 21.Kc2
b6 22.Ba3 Na5 23.Rd1 Rxd1 24.Kxd1 Nxc4 25.Kc1 a5 26.g4 g6 1/2-1/2

[Event "Klubturnier Schachclub Chur 2016"]
[Site "HTW Chur"]
[Date "2016.10.27"]
[Round "7.5"]
[White "Accola, Martin"]
[Black "Schmid, Jakob"]
[Result "1-0"]
[WhiteElo "1809"]
[BlackElo "1807"]

1.e4 c5 2.Nc3 Nc6 3.g3 d6 4.Bg2 Nf6 5.d3 Bg4 6.f3 Bd7 7.f4 Bg4 8.Nf3 Nd4 9.O-O
Nxf3+ 10.Bxf3 Bh3 11.Bg2 Bxg2 12.Kxg2 Nd7 13.Qf3 e5 14.Nd5 Be7 15.b3 O-O
16.Bb2 Bf6 17.f5 Nb6 18.Ne3 a5 19.a4 Nc8 20.Ng4 Na7 21.c4 Nc6 22.Rae1 Kh8
23.h4 Rg8 24.Rg1 Qb6 25.Qd1 Nb8 26.Kh3 Nd7 27.Bc1 Qd8 28.Ne3 g6 29.Ref1 g5
30.Nd5 gxh4 31.Nxf6 Qxf6 32.gxh4 h6 33.Qh5 Kh7 34.Bg5 Qg7 35.Be7 Qxg1 36.Rxg1
Rxg1 37.Bg5 Kg8 38.Qxh6 Ra6 39.f6 Nxf6 {#r} 1-0

[Event "Klubturnier Schachclub Chur 2016"]
[Site "HTW Chur"]
[Date "2016.09.22"]
[Round "3.3"]
[White "Brunold, Thomas"]
[Black "Schmid, Jakob"]
[Result "1/2-1/2"]
[WhiteElo "1926"]
[BlackElo "1807"]

1.e4 c5 2.Nf3 Nc6 3.c3 d5 4.exd5 Qxd5 5.d4 cxd4 6.cxd4 Bg4 7.Be2 e6 8.Nc3 Qd8
9.Qa4 Nf6 10.Bg5 Be7 11.O-O O-O 12.Rfd1 a6 13.Ne5 Bxe2 14.Nxe2 Qa5 15.Qxa5
Nxa5 16.Rac1 Rac8 17.Nc3 Nc4 18.Rc2 Nb6 19.Rdc1 Rcd8 20.Be3 1/2-1/2

[Event "Klubturnier Schachclub Chur 2016"]
[Site "HTW Chur"]
[Date "2016.09.29"]
[Round "4.1"]
[White "Schaad, Pierluigi"]
[Black "Roth, Daniel"]
[Result "0-1"]
[WhiteElo "1804"]
[BlackElo "1872"]

1.f4 d5 2.Nf3 c5 3.e3 Nc6 4.b3 Nf6 5.Be2 e6 6.O-O d4 7.exd4 cxd4 8.d3 Nd5
9.Bd2 Bd6 10.g3 Qf6 11.Ng5 Qe7 12.Ne4 Bc7 13.a3 Bd7 14.Bf3 O-O-O 15.b4 Bb6
16.Kh1 f5 17.Nf2 Be8 18.Re1 a6 19.Qe2 Bf7 20.c4 dxc3 21.Nxc3 Nd4 22.Nxd5 Rxd5
23.Qd1 Nxf3 24.Qxf3 Be8 25.Kg1 Bc6 26.Qe2 Re8 27.Rac1 Bxf2+ 28.Kxf2 Qd7 29.Rc3
Kb8 30.Be3 Bb5 31.Rd1 e5 32.fxe5 Rdxe5 33.Bf4 Qd4+ 34.Kg2 Qxf4 0-1

[Event "Klubturnier Schachclub Chur 2016"]
[Site "HTW Chur"]
[Date "2016.09.29"]
[Round "3.5"]
[White "Schmid, Luzius"]
[Black "Schmid, Fortunat"]
[Result "0-1"]
[WhiteElo "1296"]
[BlackElo "1384"]

1.e4 e6 2.e5 d5 3.d4 c5 4.Be3 Qb6 5.b3 Nc6 6.Nf3 f6 7.a4 Bd7 8.c3 cxd4 9.Bxd4
Nxd4 10.Nxd4 g6 11.a5 Qc7 12.exf6 Nxf6 13.Qe2 Ne4 14.c4 Bb4+ 15.Kd1 Qe5 16.Qb2
O-O 17.f3 Nc3+ 18.Kc2 Qxd4 19.Nxc3 e5 20.Rd1 Bf5+ 21.Bd3 Qf2+ 22.Rd2 Bxd3+
23.Kxd3 e4+ 24.Kc2 Qe3 25.Rxd5 exf3 26.Nd1 fxg2 27.Rd7 Qe2+ 28.Kb1 Qxb2+
29.Kxb2 gxh1=Q 0-1

[Event "Klubturnier Schachclub Chur 2016"]
[Site "HTW Chur"]
[Date "2016.10.04"]
[Round "1.3"]
[White "Wyss, Peter A."]
[Black "Accola, Martin"]
[Result "1/2-1/2"]
[WhiteElo "1958"]
[BlackElo "1809"]

1.e4 e5 2.Nf3 d6 3.d4 Nf6 4.Nc3 Nbd7 5.Bc4 Be7 6.Bxf7+ Kxf7 7.Ng5+ Kg8 8.Ne6
Qe8 9.Nxc7 Qg6 10.Nxa8 Qxg2 11.Rf1 exd4 12.Ne2 Ne5 13.Nxd4 {Die
Theoriefortsetzung ist Sf4.} Qxe4+ 14.Be3 Bg4 15.Qd2 Nf3+ 16.Nxf3 Qxf3 17.Nc7
a6 18.c4 g6 19.Nd5 Bd8 {Mit der Idee: 20. - La5 21. DxL De2 matt!} 20.Nxf6+
Bxf6 21.Qd5+ Qxd5 22.cxd5 Bf3 23.Rc1 Bxd5 24.b3 Bc6 25.Bh6 Kf7 26.f4 Re8+
27.Kd2 Re4 28.Rce1 Rd4+ 29.Kc1 Be4 30.Rd1 d5 31.Rxd4 Bxd4 {Das schwarze
Läuferpaar dominiert das Brett.} 32.Kd2 Bb2! {mit Remisangebot.} 33.Bg5 d4
34.Bd8 Bc3+ 35.Ke2 {Remis!} 1/2-1/2

[Event "Klubturnier Schachclub Chur 2016"]
[Site "HTW Chur"]
[Date "2016.09.22"]
[Round "3.1"]
[White "Bischofberger, Dario"]
[Black "Schaad, Pierluigi"]
[Result "1-0"]
[WhiteElo "2115"]
[BlackElo "1804"]

1.d4 Nf6 2.c4 c5 3.d5 e5 4.Nc3 d6 5.e4 Be7 6.h3 O-O 7.g4 Ne8 8.Nf3 a6 9.a4 Nc7
10.Bd3 Nd7 11.Be3 Rb8 12.Qe2 Nf6 13.Rg1 Bd7 14.Rg2 b6 15.Nh2 Nfe8 16.h4 a5
17.O-O-O Na6 18.Nf3 Nb4 19.Bb1 f6 20.Qd2 Qc8 21.Rdg1 Kh8 22.h5 Nc7 23.b3 Qe8
24.Nh4 Qf7 25.Rh2 Kg8 26.f4 exf4 27.Bxf4 Ne8 28.Be3 Nc7 29.Ne2 f5 30.Nxf5 Bxf5
31.gxf5 Bf6 32.h6 Ne8 33.hxg7 Bxg7 34.Nf4 Qf6 35.Ne6 Qa1 36.Nxf8 Qa3+ 37.Qb2
Qxb2+ 38.Rxb2 Kxf8 39.Rbg2 Rb7 40.Rxg7 Rxg7 41.Bh6 Kf7 42.Bxg7 1-0

[Event "Klubturnier Schachclub Chur 2016"]
[Site "HTW Chur"]
[Date "2016.09.15"]
[Round "2.1"]
[White "Bersinger, Franz"]
[Black "Grazioli, Urs"]
[Result "0-1"]
[WhiteElo "1539"]
[BlackElo "1761"]

1.d4 d5 2.e3 Nf6 3.Nf3 Bg4 4.Be2 e6 5.Nbd2 a6 6.Ne5 Bxe2 7.Qxe2 Nbd7 8.Nxd7
Qxd7 9.O-O c5 10.dxc5 Bxc5 11.Nb3 Bd6 12.c4 Qc7 13.g3 dxc4 14.Nd4 O-O 15.Bd2
b5 16.Rac1 Qb7 17.Ba5 Rac8 18.Rfd1 Bc7 19.Bb4 Rfe8 20.Rc2 Nd5 21.Qf3 Qb6
22.Be1 Be5 23.Qh5 Bf6 24.e4 g6 25.Qf3 Bxd4 26.exd5 exd5 27.Kf1 Re4 28.Bd2 Qe6
29.Kg2 Re8 30.Bh6 Bg7 31.Be3 d4 32.Bc1 d3 {#R} 0-1

[Event "Klubturnier Schachclub Chur 2016"]
[Site "HTW Chur"]
[Date "2016.09.29"]
[Round "4.2"]
[White "Accola, Martin"]
[Black "Adzic, Anna"]
[Result "1/2-1/2"]
[WhiteElo "1809"]
[BlackElo "1875"]

1.e4 c5 2.Nc3 e6 3.g3 Nc6 4.Bg2 Nf6 5.d3 Be7 6.f4 d6 7.Nf3 Qc7 8.O-O a6 9.h3
O-O 10.Be3 b5 11.a3 Bb7 12.Qd2 e5 13.Nd5 Nxd5 14.exd5 exf4 15.Bxf4 Nb8 16.c4
Nd7 17.Rae1 Bf6 18.b3 Rab8 19.Bg5 h6 20.Bxf6 Nxf6 21.Nh4 Rbe8 22.Rxe8 Rxe8
23.Rxf6 gxf6 24.Qxh6 Re1+ 25.Kf2 Qe7 26.Be4 Rxe4 27.dxe4 Qxe4 28.Qxf6 Qc2+
29.Kg1 Qd1+ 30.Kh2 Qc2+ 31.Ng2 bxc4 32.bxc4 Qxc4 33.Qg5+ Kh7 34.Qh5+ Kg7
35.Qg5+ Kh7 36.Qf5+ Kg7 1/2-1/2

[Event "Klubturnier Schachclub Chur 2016"]
[Site "HTW Chur"]
[Date "2016.09.15"]
[Round "2.3"]
[White "Schmid, Fortunat"]
[Black "Djuzo, Vahid"]
[Result "1/2-1/2"]
[WhiteElo "1384"]
[BlackElo "1607"]

1.d4 Nf6 2.c4 e5 3.dxe5 Ng4 4.Nf3 Nc6 5.Qd5 Nb4 6.Qe4 d6 7.exd6+ Be6 8.dxc7
Qd1+ 9.Kxd1 Nxf2+ 10.Ke1 Nxe4 11.Nd4 Bc5 12.a3 Bxd4 13.axb4 O-O 14.e3 Bb6
15.Bd3 f5 16.Bxe4 fxe4 17.Rf1 Rxf1+ 18.Kxf1 Bxc4+ 19.Kf2 Bxc7 20.g3 Rf8+
21.Kg2 Bf1+ 22.Kg1 a6 23.Bd2 Bd3 24.Nc3 h5 25.Nd5 Bd6 26.Nf4 Rc8 27.Nxd3 exd3
28.Ra3 Be5 {#d} 1/2-1/2

[Event "Klubturnier Schachclub Chur 2016"]
[Site "HTW Chur"]
[Date "2016.09.29"]
[Round "4.3"]
[White "Schmid, Jakob"]
[Black "Michel, Andreas"]
[Result "0-1"]
[WhiteElo "1807"]
[BlackElo "1888"]

1.e4 c5 2.Nf3 d6 3.d4 cxd4 4.Nxd4 Nf6 5.Nc3 a6 6.a4 Nc6 7.Bc4 e6 8.Be2 Be7
9.O-O O-O 10.Be3 Qc7 11.f4 Bd7 12.Nb3 Na5 13.Nxa5 Qxa5 14.Qd4 Rfd8 15.Kh1 Bc6
16.b4 Qc7 17.b5 Be8 18.b6 Qc6 19.Bd3 Rac8 20.Bd2 Nd7 21.a5 Bf6 22.e5 dxe5
23.fxe5 Nxe5 24.Qe4 Nxd3 25.Rxf6 Qxe4 26.Nxe4 gxf6 27.Nxf6+ Kg7 28.Nxe8+ Rxe8
29.cxd3 Rc2 30.Bf4 e5 31.Bg3 f6 32.Rd1 Rec8 33.Kg1 Rc1 34.Rxc1 Rxc1+ 35.Kf2
Ra1 36.Kf3 Kf7 37.Bf2 Rxa5 38.g4 Ke6 39.h4 Ra3 40.Ke4 Ra4+ 41.Kf3 Rf4+ 42.Kg3
Rb4 43.Kf3 a5 44.h5 Rf4+ 0-1

[Event "Klubturnier Schachclub Chur 2016"]
[Site "HTW Chur"]
[Date "2016.10.13"]
[Round "5.4"]
[White "Adzic, Anna"]
[Black "Schmid, Jakob"]
[Result "1-0"]
[WhiteElo "1875"]
[BlackElo "1807"]

1.e4 c5 2.Nf3 Nc6 3.Nc3 d6 4.d4 cxd4 5.Nxd4 g6 6.g3 Bg7 7.Be3 Nf6 8.h3 O-O
9.Bg2 Nd7 10.O-O Nde5 11.b3 Qa5 12.Nce2 Nd7 13.a4 a6 14.f4 Nxd4 15.Bxd4 f6
16.f5 gxf5 17.exf5 Ne5 18.Nf4 Nc6 19.Bd5+ Kh8 20.Qh5 h6 21.Ng6+ Kh7 22.Nxf8+
Bxf8 23.Qg6+ 1-0

[Event "Klubturnier Schachclub Chur 2016"]
[Site "HTW Chur"]
[Date "2016.10.13"]
[Round "5.5"]
[White "Roth, Daniel"]
[Black "Accola, Martin"]
[Result "0-1"]
[WhiteElo "1872"]
[BlackElo "1809"]

1.e4 e5 2.Nf3 d6 3.d4 Nf6 4.dxe5 Nxe4 5.Bc4 c6 6.exd6 Nxd6 7.Bb3 Be7 8.O-O O-O
9.Bf4 Bg4 10.Re1 Nf5 11.Qxd8 Rxd8 12.Ne5 Bf6 13.Nxf7 Rd1 14.Rxd1 Bxd1 15.Na3
Nd4 16.Nh6+ Kh8 17.Rxd1 Ne2+ 18.Kf1 Nxf4 19.Nf7+ Kg8 20.Nd6+ Kf8 21.Nxb7 Na6
22.c3 Rb8 23.Na5 Nc5 24.Nxc6 Rb6 25.Na5 Nfd3 26.N3c4 Ra6 27.Bc2 Nxb2 28.Nxb2
Rxa5 29.Bxh7 Rxa2 30.Nd3 Nxd3 31.Rxd3 Ke7 32.Re3+ Kd6 33.c4 a5 34.Bg8 Kc5
35.g4 a4 36.g5 Bd4 37.Rf3 Rxf2+ 38.Rxf2 Bxf2 39.Kxf2 a3 40.h4 a2 41.Kf3 a1=Q
42.Kg4 Qd1+ 43.Kf5 Qh5 44.Bd5 Qxh4 45.Kg6 Qd4 46.Kf7 Kd6 47.g6 Qf6+ 0-1

[Event "Klubturnier Schachclub Chur 2016"]
[Site "HTW Chur"]
[Date "2016.09.29"]
[Round "4.5"]
[White "Bischofberger, Dario"]
[Black "Wyss, Peter A."]
[Result "1-0"]
[WhiteElo "2115"]
[BlackElo "1958"]

1.d4 Nf6 2.c4 c5 3.d5 d6 4.Nc3 g6 5.Nf3 Bg7 6.g3 O-O 7.Bg2 Bg4 8.Nd2 Qc8 9.h3
Bd7 10.g4 e6 11.a4 exd5 12.cxd5 Qe8 13.Nc4 Qe7 14.Bf4 Ne8 15.Ne4 f5 16.Bg5 Bf6
17.Nxf6+ Nxf6 18.Bf4 Ne8 19.g5 Na6 20.Ra3 b5 21.Re3 Qg7 22.Nxd6 Qxb2 23.Be5
Qb4+ 24.Bc3 Qxa4 25.Qxa4 bxa4 26.Re7 1-0

[Event "Klubturnier Schachclub Chur 2016"]
[Site "HTW Chur"]
[Date "2016.10.13"]
[Round "4.1"]
[White "Djuzo, Vahid"]
[Black "Steidle, Sandro"]
[Result "0-1"]
[WhiteElo "1607"]
[BlackElo "1707"]

1.e4 c5 2.Nf3 Nc6 3.Bc4 Nf6 4.Nc3 d6 5.h3 e6 6.d4 cxd4 7.Nxd4 Be7 8.O-O O-O
9.Nf3 a6 10.a4 Qc7 11.Be3 Na5 12.Bd3 Nc4 13.Bc1 Bd7 14.b3 Na5 15.Ne2 b5 16.Ba3
Rfe8 17.Bb4 Nc6 18.Bc3 b4 19.Bb2 a5 20.Ng3 Bc8 21.Qe2 Qb6 22.e5 dxe5 23.Nxe5
Nxe5 24.Bxe5 Ba6 25.Nh5 Bxd3 26.cxd3 Nxh5 27.Qxh5 Red8 28.Rad1 Rd5 29.Qe2 Bd6
30.Bb2 Bc5 31.Qg4 Bd4 32.Bc1 Rad8 33.g3 Bf6 34.Qe2 Qd6 35.Be3 Rxd3 36.Rb1 Qd5
37.Bb6 Rc8 38.Bxa5 Rxb3 39.Rxb3 Qxb3 40.Qb5 Be7 41.Qd7 Qc2 42.Qxe7 b3 43.Qd7
b2 44.Kh2 g6 45.Qd2 Qc1 46.Qd4 Qxf1 47.Qxb2 Rc1 48.Qb8+ Kg7 49.Qe5+ f6 0-1

[Event "Klubturnier Schachclub Chur 2016"]
[Site "HTW Chur"]
[Date "2016.09.15"]
[Round "2.4"]
[White "Schmid, Jakob"]
[Black "Wyss, Peter A."]
[Result "0-1"]
[WhiteElo "1807"]
[BlackElo "1958"]

1.e4 e5 2.Nf3 Nc6 3.Bc4 Bc5 4.O-O Nf6 5.d3 h6 6.c3 O-O 7.Bb3 d5 8.exd5 Nxd5
9.d4 exd4 10.cxd4 Bb6 11.h3 Bf5 12.Nc3 Nf6 13.Be3 Re8 14.Re1 Qd7 15.Ba4 Qd6
16.a3 Rad8 17.Nb5 Qf8 18.Nc3 Re7 19.b4 a5 20.b5 Ne5 21.Nxe5 Rxe5 22.Qf3 Be4
23.Nxe4 Rxe4 24.Bc2 Re6 25.Red1 Nd5 26.Qf5 g6 27.Qd3 Nxe3 28.fxe3 Qe7 29.Re1
Bxd4 30.exd4 Rxe1+ 31.Rxe1 Qxe1+ 32.Kh2 Qe7 33.Bb3 Kg7 34.d5 Re8 35.a4 Qd6+
36.g3 Qc5 37.Qd2 Qe3 38.Qb2+ Kg8 39.Bc4 Qc5 40.Bb3 Re1 41.Qg2 Qe3 42.Bc4 Rd1
0-1

[Event "Klubturnier Schachclub Chur 2016"]
[Site "HTW Chur"]
[Date "2016.10.20"]
[Round "6.2"]
[White "Schmid, Jakob"]
[Black "Roth, Daniel"]
[Result "1/2-1/2"]
[WhiteElo "1807"]
[BlackElo "1872"]

1.e4 c5 2.Nf3 Nc6 3.Bc4 e6 4.O-O d5 5.exd5 exd5 6.Re1+ Be6 7.Bb5 a6 8.Bxc6+
bxc6 9.d4 Nf6 10.Ng5 Qd7 11.c3 Bd6 12.Nxe6 fxe6 13.Qe2 Kf7 14.Bg5 Ne4 15.Be3
cxd4 16.Qh5+ g6 17.Qf3+ Kg7 18.cxd4 Rhf8 19.Qh3 Rf5 20.g4 Ng5 21.Bxg5 Rxg5
22.Nd2 h5 23.Qe3 Rxg4+ 24.Kh1 Bf4 25.Qe2 Qc7 26.Nf3 Bd6 27.Qxe6 Rf8 28.Re3 Rf6
29.Qe8 Rf8 30.Qe6 Rf6 31.Qe8 Rf8 1/2-1/2

[Event "Klubturnier Schachclub Chur 2016"]
[Site "HTW Chur"]
[Date "2016.10.27"]
[Round "7.4"]
[White "Roth, Daniel"]
[Black "Adzic, Slobodan"]
[Result "0-1"]
[WhiteElo "1872"]
[BlackElo "2126"]

1.e4 c5 2.Nf3 e6 3.d4 cxd4 4.Nxd4 a6 5.Nc3 Qc7 6.Be3 Nf6 7.a3 b5 8.Bd3 Bb7
9.O-O d6 10.Qe2 Nbd7 11.f4 Be7 12.Rad1 Nc5 13.Bf2 O-O 14.Rfe1 g6 15.Kh1 e5
16.fxe5 dxe5 17.Nd5 Bxd5 18.exd5 e4 19.Bxb5 Bd6 20.Bc6 Bxh2 21.Bxa8 Rxa8 22.b4
Na4 23.Rd2 Bf4 24.Be3 Bxe3 25.Qxe3 Ng4 26.d6 Qxd6 27.Nf3 Nxe3 28.Rxd6 Nf5
29.Rc6 exf3 30.gxf3 Nd4 31.Rf6 Kg7 32.Rd6 Nxc2 33.Rc1 Nxa3 34.Rcc6 Rb8 35.Rxa6
Rxb4 36.Rd8 Nc4 37.Rd4 Rb1+ 38.Kh2 Nab6 39.Ra7 g5 40.Rb7 Rb2+ 41.Kg3 Kg6 42.f4
Rb3+ 43.Kf2 g4 44.Kg1 h5 45.f5+ Kxf5 46.Rxf7+ Kg5 47.Rdf4 Nd6 0-1

[Event "Klubturnier Schachclub Chur 2016"]
[Site "HTW Chur"]
[Date "2016.10.13"]
[Round "5.1"]
[White "Wyss, Peter A."]
[Black "Schaad, Pierluigi"]
[Result "1/2-1/2"]
[WhiteElo "1958"]
[BlackElo "1804"]

1.e4 d6 2.d4 Nf6 3.Nc3 g6 4.Nf3 Bg7 5.Be2 O-O 6.O-O c6 7.a4 Nbd7 8.Bf4 b6
9.Qd2 Bb7 10.Bh6 Re8 11.e5 Nd5 12.Nxd5 cxd5 13.Bxg7 Kxg7 14.e6! fxe6 15.Ng5
Qc8 16.Nxe6+ Kh8 17.Qh6 Rg8 18.Ng5 Rg7 19.Bg4 Qe8 20.Ne6 Rg8 21.Nc7 Qf8
22.Qxf8 Nxf8 23.Nxa8 Bxa8 24.Rfe1 Rg7 25.Re3 Bc6 26.b3? h5 27.Bc8 g5 28.Rae1
Ng6 29.Bf5 Be8 30.Re6 Kg8 31.Bxg6 Bxg6 32.Rxg6? Rxg6 33.Rxe7 Rg7! 34.Re8+ Kf7
35.Rc8 Ke6 36.Kf1 Re7 37.h3 Kf5 38.f3 Ke6 39.Kf2 Kf5 40.Rf8+ Kg6 41.Rc8 Kf6
42.Rc6 Ke6 43.Rc3 Kf6 44.g3 Kf5 45.Re3 Rc7 46.c3 a6 47.Ke2 b5 48.axb5 axb5
49.Kd3 Ra7 50.Re8 Rb7 51.g4+ hxg4 52.Rf8+ Ke6 53.hxg4 b4! 54.Rf5 bxc3 55.Kxc3
Rg7 56.b4 Rc7+ 57.Kb3 Rc4 58.b5 Rxd4 59.b6 Rd1 60.Kc2 Rd4 61.Kc3 Rc4+ 62.Kd3
Rb4 63.Rxg5 Rxb6 64.f4 Rb3+ 65.Kd4 Rb4+ 66.Ke3 Re4+ 67.Kf3 Ra4 68.Rg6+ Ke7
69.f5 Ra3+ 70.Ke2 Ra2+ 71.Kd3 Ra3+ 72.Kd4 Ra4+ 73.Kxd5 Ra5+ 74.Kc6 Rc5+ 75.Kb6
Rc1 76.Re6+ Kd7 77.Re2 Rc4 78.g5 Rc6+! 79.Kb7 Rc7+ 80.Kb8 Rc8+ 1/2-1/2

[Event "Klubturnier Schachclub Chur 2016"]
[Site "HTW Chur"]
[Date "2016.10.27"]
[Round "7.2"]
[White "Michel, Andreas"]
[Black "Wyss, Peter A."]
[Result "1-0"]
[WhiteElo "1888"]
[BlackElo "1958"]

1.e4 e5 2.Nf3 Nc6 3.Bb5 a6 4.Ba4 Nf6 5.O-O Be7 6.Re1 b5 7.Bb3 O-O 8.c3 d5
9.exd5 Nxd5 10.Nxe5 Nxe5 11.Rxe5 Nf6 12.d4 Bd6 13.Re1 Bg4 14.f3 Bh5 15.Bg5 h6
16.Bh4 g5 17.Bg3 Bxg3 18.hxg3 Qd6 19.g4 Bg6 20.Nd2 Rfe8 21.Nf1 h5? 22.Qd2 hxg4
23.Qxg5 Kg7 24.f4 Rh8 25.Ng3 Kf8 26.Re6!! fxe6 27.Qxf6+ Ke8 28.Qxh8+ Kd7
29.Qg7+ 1-0

[Event "Klubturnier Schachclub Chur 2016"]
[Site "HTW Chur"]
[Date "2016.11.10"]
[Round "8.3"]
[White "Bischofberger, Dario"]
[Black "Roth, Daniel"]
[Result "1/2-1/2"]
[WhiteElo "2115"]
[BlackElo "1872"]

1.d4 d5 2.c4 Nc6 3.Nc3 e6 4.Nf3 Nf6 5.Bg5 Bb4 6.e3 h6 7.Bh4 g5 8.Bg3 Ne4 9.Qc2
Bd7 10.Bd3 Nxg3 11.hxg3 Qf6 12.O-O-O Ba5 13.a3 Bxc3 14.bxc3 Qe7 15.Qb2 dxc4
16.Bxc4 Na5 17.Ba2 c5 18.d5 exd5 19.Rxd5 f6 20.Rhd1 O-O-O 21.Rd6 1/2-1/2

[Event "Klubturnier Schachclub Chur 2016"]
[Site "HTW Chur"]
[Date "2016.10.13"]
[Round "4.5"]
[White "Tschaler, Nino"]
[Black "Osmaev, Hamzat"]
[Result "0-1"]
[WhiteElo "1228"]
[BlackElo "1510"]

1.d4 d5 2.Nf3 Nc6 3.Bf4 Nf6 4.e3 Bf5 5.Be2 e6 6.O-O Bd6 7.Bxd6 Qxd6 8.Nbd2 Qb4
9.Rb1 Qa4 10.a3 Ne4 11.Nxe4 Bxe4 12.Bd3 O-O 0-1

[Event "Klubturnier Schachclub Chur 2016"]
[Site "HTW Chur"]
[Date "2016.11.10"]
[Round "5.2"]
[White "Schmid, Fortunat"]
[Black "Bersinger, Franz"]
[Result "0-1"]
[WhiteElo "1384"]
[BlackElo "1539"]

1.d4 d5 2.c4 e5 3.dxe5 d4 4.Nf3 Nc6 5.e3 Bb4+ 6.Bd2 dxe3 7.Bxb4 exf2+ 8.Ke2
Qxd1+ 9.Kxd1 Nxb4 10.h3 Be6 11.Kc1 O-O-O 12.Nbd2 h6 13.a3 Nd3+ 14.Kc2 Bf5
15.Kc3 Ne7 16.g4 Bh7 17.b4 Nc6 {#R} 0-1

[Event "Klubturnier Schachclub Chur 2016"]
[Site "HTW Chur"]
[Date "2016.11.10"]
[Round "8.1"]
[White "Schaad, Pierluigi"]
[Black "Schmid, Jakob"]
[Result "1/2-1/2"]
[WhiteElo "1804"]
[BlackElo "1807"]

1.Nf3 d5 2.g3 Nf6 3.Bg2 c5 4.d3 Nc6 5.O-O e5 6.Nbd2 h6 7.e4 d4 8.h3 Be6 9.b3
Qc7 10.a4 Be7 11.Nc4 Nd7 12.Bd2 O-O 13.g4 a6 14.Na3 Rfb8 15.Qe2 Ra7 16.Nc4 b5
17.Nb2 Nb4 18.Bxb4 cxb4 19.Rfc1 Rc8 20.axb5 axb5 21.Rxa7 Qxa7 22.Rb1 Qa2
23.Qd1 Bf6 24.Bf1 Nf8 25.Ne1 Bg5 26.Ng2 Bd2 27.Be2 Ng6 28.Kh2 Bc3 29.Qc1 Bd2
30.Qd1 Bc3 1/2-1/2